TNA Wrestling Champions by Year - 2003 - Statistics

General Stats
  • This quiz has been taken 85 times
  • The average score is 17 of 22
Answer Stats
Title Date Event Wrestler % Correct
World Heavyweight June 11 Weekly PPV #49 AJ Styles
97%
World Heavyweight October 22 Weekly PPV #68 Jeff Jarrett
97%
Tag Team May 7 Weekly PPV #44 Christopher Daniels
94%
Tag Team January 22 Weekly PPV #29 Low Ki
94%
Tag Team March 12 Weekly PPV #36 Christopher Daniels
88%
Tag Team January 22 Weekly PPV #29 Elix Skipper
88%
Tag Team May 7 Weekly PPV #44 Elix Skipper
88%
Tag Team January 8 Weekly PPV #27 James Storm
85%
Tag Team June 25 Weekly PPV #51 James Storm
85%
Tag Team March 12 Weekly PPV #36 Low Ki
85%
Tag Team January 8 Weekly PPV #27 Chris Harris
82%
Tag Team June 25 Weekly PPV #51 Chris Harris
82%
X-Division April 30 Weekly PPV #43 Amazing Red
76%
Tag Team April 16 Weekly PPV #41 Amazing Red
76%
Tag Team November 26 Weekly PPV #73 BG James
71%
X-Division February 12 Weekly PPV #32 Kid Kash
71%
Tag Team November 26 Weekly PPV #73 Konnan
71%
X-Division May 14 Weekly PPV #45 Chris Sabin
68%
Tag Team April 16 Weekly PPV #41 Jerry Lynn
68%
Tag Team August 27 Weekly PPV #60 Johnny Swinger
59%
X-Division August 20 Weekly PPV #59 Michael Shane
59%
Tag Team August 27 Weekly PPV #60 Simon Diamond
59%
No matching quizzes found
Score Distribution
Percent of People with Each Score
Percentile by Number Answered
Your Score History
You have not taken this quiz